000 00655nam a2200217 a 4500
999 _c855
_d855
005 20180803164840.0
008 140224b1984 ck ||||| |||| 00| 0 spa d
040 _aCO-BoIAVH
_cCO-BoIAVH
041 _aspa
044 _ack
090 _aIND-I
_b30
100 _aMorales Sánches, Jorge Enrique
245 _aInforme sobre la avifauna del Parque Nacional Natural Tayrona
_bII expedición botánica
260 _aBogotá
_bInderena
_c1984
300 _a40 páginas
650 1 4 _aAves
650 1 4 _aAvifauna
650 1 4 _aInventarios
662 _aColombia
_cParque Nacional Natural Tayrona
_bMagdalena
942 _cINFORME
_2z
_02